Proteíny akútnej fázy - včasné biomarkery zdravotných porúch u psov

Bibliographic Details
Main Authors: Kyseľová, J. (Author), Tóthová, Csilla (Author), Goldírová, Katarína (Author), Kováč, Gabriel, 1947- (Author)
Format: Article
Language:Slovak

MARC

LEADER 00000nab a2200000 a 4500
001 vtls010722872
003 SK-MaSNL
005 20260304192352.0
008 250709s2010 xo |||||||||||||||||slo|
035 |a (urnnbn)urn:nbn:sk:snk:ar-a04tc1 
035 |a (uuid)95901b64-7c34-4bb9-b002-37e4b12794a2 
035 |a urn:nbn:sk:snk-ab3ndv 
040 |a SNKBUCL  |b slo  |c SNKBUCL  |e AACR2 
041 0 |a slo 
044 |a xo  |c SK 
100 1 |a Kyseľová, J.  |4 aut  |9 307212 
245 1 0 |a Proteíny akútnej fázy - včasné biomarkery zdravotných porúch u psov  |c J. Kyseľová, Cs. Tóthová, K. Goldírová, G. Kováč 
700 1 |a Tóthová, Csilla  |4 aut  |9 671505 
700 1 |a Goldírová, Katarína  |4 aut  |9 822466 
700 1 |a Kováč, Gabriel,  |d 1947-  |4 aut  |9 196200 
773 0 |t Infovet : veterinársky odborno-informačný časopis  |g Roč. 17, č. 1-2 (2010), s. 68-[70] 
850 |a Slovenská národná knižnica 
852 |a Slovenská národná knižnica 
954 |a odborná, vedecká literatúra pôvodná (slovenská)  |2 lita 
958 |a article1 
958 |a OND 
958 |a EUIPO 
999 |c 3061237  |d 3063167